000 00826nam a22002417a 4500
005 20110810113757.0
008 110810t xxu||||| |||| 00| 0 eng d
010 _aENG-103469
020 _c250.00
_a9788183685825
035 _aEN-87002
037 _bDBAD/PUB
040 _aDPL
_bEng
082 _aN
100 _931629
_aMurukan, Era
245 _aThe ghosts of Arasur :
_cby Era Murukan ; translated from Tamil by Janaki Venkataraman
_barasur vamsam /
260 _aChennai
_bNew Horizon Media
_c2007
270 _bChennai
_e600064
_a33/15, Eldams Road
300 _a336p.
_c22cm (pbk)
650 _931639
700 _931640
_aVenkataraman, Janaki
942 _2ddc
_cEN
_mMUR
_hN
999 _c55552
_d55552